Normal view
MARC view
- Dr. Abraiz Khattak
Entry Personal Name
001 - CONTROL NUMBER
- control field: 117724
003 - CONTROL NUMBER IDENTIFIER
- control field: NUST
005 - DATE AND TIME OF LATEST TRANSACTION
- control field: 20230913164240.0
008 - FIXED-LENGTH DATA ELEMENTS
- fixed length control field: 230913|| aca||aabn | a|a d
040 ## - CATALOGING SOURCE
- Original cataloging agency: NUST
- Transcribing agency: NUST
100 ## - HEADING--PERSONAL NAME
- Personal name: Dr. Abraiz Khattak
670 ## - SOURCE DATA FOUND
- Source citation: Work cat.: (NUST): 20230913s9999\\\\xx\\\\\\\\\\\\000\0\und\d 117722, Techno-Economic Feasibility Assessment of Grid-Connected Solar Photovoltaic Power Plants for Small Scale Industries of Punjab – Pakistan /, 2022
